<?xml version="1.0" encoding="UTF-8"?>
<collection xmlns="http://www.loc.gov/MARC21/slim">
    <record>
        <controlfield tag="001">63542</controlfield>
        <controlfield tag="005">20171216115326.0</controlfield>
        <datafield tag="024" ind1="8" ind2=" ">
            <subfield code="2">sideral</subfield>
            <subfield code="a">103025</subfield>
        </datafield>
        <datafield tag="037" ind1=" " ind2=" ">
            <subfield code="a">ART-2015-103025</subfield>
        </datafield>
        <datafield tag="041" ind1=" " ind2=" ">
            <subfield code="a">spa</subfield>
        </datafield>
        <datafield tag="100" ind1=" " ind2=" ">
            <subfield code="0">(orcid)0000-0003-3050-1634</subfield>
            <subfield code="a">Berné Manero, María del Carmen</subfield>
            <subfield code="u">Universidad de Zaragoza</subfield>
        </datafield>
        <datafield tag="245" ind1=" " ind2=" ">
            <subfield code="a">El Boca-oído Online como Herramienta para la Gestión Hotelera. El Estado de la Cuestión</subfield>
        </datafield>
        <datafield tag="260" ind1=" " ind2=" ">
            <subfield code="c">2015</subfield>
        </datafield>
        <datafield tag="506" ind1="0" ind2=" ">
            <subfield code="a">Access copy available to the general public</subfield>
            <subfield code="f">Unrestricted</subfield>
        </datafield>
        <datafield tag="520" ind1="3" ind2=" ">
            <subfield code="a">La industria turística se ha visto notablemente afectada por el desarrollo de las tecnologías de la información como la comunicación boca-oído electrónico o e-WOM, que permite a los usuarios ofrecer opinión online sobre su experiencia como turistas. Los hoteles son muy afectados por la aplicación, de la que pueden obtener retroalimentación y aprovechar la información generada para mejorar su gestión y resultados. Hasta el momento, la literatura académica sobre el tema se ha centrado en la perspectiva del consumidor y ha prestado escasa atención a la gestión. Esta investigación pretende añadir valor mediante el estudio del estado de la cuestión del e-WOM como herramienta para la gestión, centrándose en hoteles del ámbito español. Se realiza un análisis descriptivo de la situación desde una encuesta dirigida a directivos hoteleros, que permite distinguir entre usuarios y no usuarios del sistema. Los resultados indican la no existencia de diferencias entre ambos grupos por características del encuestado, ni por sus percepciones sobre las ventajas de la aplicación; las diferencias emergen al considerar fiabilidad y reflejo de la realidad, así como intenciones de uso futuro de la herramienta.</subfield>
        </datafield>
        <datafield tag="540" ind1=" " ind2=" ">
            <subfield code="9">info:eu-repo/semantics/openAccess</subfield>
            <subfield code="a">by</subfield>
            <subfield code="u">http://creativecommons.org/licenses/by/3.0/es/</subfield>
        </datafield>
        <datafield tag="655" ind1=" " ind2="4">
            <subfield code="a">info:eu-repo/semantics/article</subfield>
            <subfield code="v">info:eu-repo/semantics/publishedVersion</subfield>
        </datafield>
        <datafield tag="700" ind1=" " ind2=" ">
            <subfield code="0">(orcid)0000-0002-2551-5364</subfield>
            <subfield code="a">Pedraja Iglesias, Marta</subfield>
            <subfield code="u">Universidad de Zaragoza</subfield>
        </datafield>
        <datafield tag="700" ind1=" " ind2=" ">
            <subfield code="a">Vicuta Ciobanu, Andrea</subfield>
        </datafield>
        <datafield tag="710" ind1="2" ind2=" ">
            <subfield code="1">4011</subfield>
            <subfield code="2">095</subfield>
            <subfield code="a">Universidad de Zaragoza</subfield>
            <subfield code="b">Departamento de Dirección de Marketing e Investigación de Mercados</subfield>
            <subfield code="c">Comercialización e Investigación de Mercados</subfield>
        </datafield>
        <datafield tag="773" ind1=" " ind2=" ">
            <subfield code="g">24, 3 (2015), 609-626</subfield>
            <subfield code="p">Estud. perspect. tur.</subfield>
            <subfield code="t">Estudios y perspectivas en turismo</subfield>
            <subfield code="x">0327-5841</subfield>
        </datafield>
        <datafield tag="856" ind1="4" ind2="1">
            <subfield code="u">http://www.scielo.org.ar/pdf/eypt/v24n3/v24n3a09.pdf</subfield>
            <subfield code="z">Texto completo de la revista</subfield>
        </datafield>
        <datafield tag="856" ind1="4" ind2=" ">
            <subfield code="s">140243</subfield>
            <subfield code="u">http://zaguan.unizar.es/record/63542/files/texto_completo.pdf</subfield>
            <subfield code="y">Versión publicada</subfield>
        </datafield>
        <datafield tag="856" ind1="4" ind2=" ">
            <subfield code="s">93303</subfield>
            <subfield code="u">http://zaguan.unizar.es/record/63542/files/texto_completo.jpg?subformat=icon</subfield>
            <subfield code="x">icon</subfield>
            <subfield code="y">Versión publicada</subfield>
        </datafield>
        <datafield tag="909" ind1="C" ind2="O">
            <subfield code="o">oai:zaguan.unizar.es:63542</subfield>
            <subfield code="p">articulos</subfield>
            <subfield code="p">driver</subfield>
        </datafield>
        <datafield tag="951" ind1=" " ind2=" ">
            <subfield code="a">2017-12-15-12:47:06</subfield>
        </datafield>
        <datafield tag="980" ind1=" " ind2=" ">
            <subfield code="a">ARTICLE</subfield>
        </datafield>
    </record>

    
</collection>